Click to Transpose - E♭ Saxophone - Statistics

General Stats
  • This quiz has been taken 21 times
  • The average score is 18 of 28
Answer Stats
Hint Answer % Correct
Concert E♭ C
75%
Concert B♭ G
75%
Concert C A
67%
Concert B A♭/G#
67%
Concert D B
67%
Concert D B
67%
Concert E♭ C
67%
Concert E♭ C
67%
Concert F D
67%
Concert F D
67%
Concert F# D#/E♭
67%
Concert G E
67%
Concert G E
67%
Concert A♭ F
67%
Concert A♭ F
67%
Concert A F#/G♭
67%
Concert A F#/G♭
67%
Concert B♭ G
67%
Concert B♭ G
67%
Concert C A
58%
Concert B A♭/G#
58%
Concert E C#/D♭
58%
Concert E C#/D♭
58%
Concert A♭ F
58%
Concert D♭ A#/B♭
50%
Concert D♭ A#/B♭
50%
Concert D B
50%
Concert F# D#/E♭
50%
No matching quizzes found
Score Distribution
Percent of People with Each Score
Percentile by Number Answered
Your Score History
You have not taken this quiz